Statistics for Lady Dimitrescu quiz

Click here to take the quiz!

General Stats

  • This quiz has been taken 61 times
  • The average score is 5 of 5

Answer Stats

QuestionAnswer% Correct
Where does she live?Castle
100%
What are her daughters names?Bela, Daniela, Cassanrda
96%
Who does she hate?Heisenberg
90%
What color does her dress have?White
90%
How old is lady Dimitrescu?44
80%

Score Distribution

Percentile by Number Answered

Percent of People with Each Score

Your Score History

You have not taken this quiz